Normal view
MARC view
- Islam and politics
Entry Topical Term
001 - CONTROL NUMBER
- control field: 4598
003 - CONTROL NUMBER IDENTIFIER
- control field: NUST
005 - DATE AND TIME OF LATEST TRANSACTION
- control field: 20170914123640.0
008 - FIXED-LENGTH DATA ELEMENTS
- fixed length control field: 170914|| aca||aabn | a|a d
040 ## - CATALOGING SOURCE
- Original cataloging agency: NUST
- Transcribing agency: NUST
150 ## - HEADING--TOPICAL TERM
- Topical term or geographic name entry element: Islam and politics
- Geographic subdivision: Pakistan.
670 ## - SOURCE DATA FOUND
- Source citation: Work cat.: (NUST)0: Ullah, Haroon K., author. 4597, Vying for Allah's vote :
